|
|
|
|
| LEADER |
00866nam a2200217 a 4500 |
| 008 |
091210s1998 dcua b 001 0 eng d |
| 020 |
|
|
|a 0821340913
|
| 082 |
0 |
0 |
|a 332.1/52
|2 21
|
| 245 |
0 |
0 |
|a The World Bank annual Report 1998.
|
| 260 |
|
|
|a Washington, D.C. :
|b World Bank,
|c 1998.
|
| 300 |
|
|
|a xii, 298 p. :
|b ill. (some col.) ;
|c 28 cm.
|
| 504 |
|
|
|a Includes bibliographical references and index.
|
| 541 |
1 |
|
|e 00015671
|
| 610 |
2 |
0 |
|a World Bank.
|
| 610 |
2 |
0 |
|a International Finance Corporation.
|
| 650 |
|
0 |
|a Economic assistance
|
| 650 |
|
0 |
|a Banks and banking, International.
|
| 710 |
2 |
|
|a World Bank
|
| 852 |
4 |
|
|a Ayesha Abed Library
|j General shelf
|
| 999 |
|
|
|c 6138
|d 6138
|
| 952 |
|
|
|0 0
|1 0
|2 ddc
|4 0
|6 332_152000000000000_WOR_1998
|7 0
|9 6134
|a BRACUL
|b BRACUL
|c GEN
|d 2009-12-15
|g 0.00
|l 0
|o 332.152 WOR
|p 3010015671
|r 2009-12-15
|t 1
|w 2009-12-15
|y BK
|x No price found in the accession register.
|